| 000 | 02111nam a2200589 i 4500 | ||
|---|---|---|---|
| 001 | 42770 | ||
| 003 | KOSZ 005 | ||
| 005 | 20230103133107.0 | ||
| 008 | 001017s2000 pl f |000 0 pol | ||
| 015 | _aUWD 2000/19637 | ||
| 020 | _a8388010468 | ||
| 035 | _a991014922009705066 | ||
| 035 | _a(PL-WaBN)b14009158-48omnis_nlop | ||
| 035 | _ab14009158 | ||
| 035 | _a(OCoLC)830264466 | ||
| 035 | _a(PL)b0000001400915 | ||
| 035 | _a(EXLNZ-48OMNIS_NETWORK)9910484597105606 | ||
| 040 |
_aWA N _cWA N _dKOSZ 005/HR |
||
| 041 | 0 | _apol | |
| 046 | _k2000 | ||
| 080 | _a346.54(4-67) | ||
| 080 | _a346.54(4-67) | ||
| 080 | _a664.8/.9 | ||
| 100 | 1 |
_aJakubowski, Aleksander _c(technolog żywności) _eAutor |
|
| 245 | 1 | 0 |
_aWymagania jakościowe Unii Europejskiej dotyczące dżemów, marmolad i innych przetworów owocowych żelowanych / _cAleksander Jakubowski ; Fundacja Programów Pomocy dla Rolnictwa (FAPA). |
| 260 |
_aWarszawa : _bFPPR, _c2000. |
||
| 300 |
_a33, [1] s. ; _c21 cm. |
||
| 336 |
_aTekst _btxt _2rdacontent |
||
| 337 |
_aBez urządzenia pośredniczącego _bn _2rdamedia |
||
| 338 |
_aWolumin _bnc _2rdacarrier |
||
| 380 | _aKsiążki | ||
| 380 | _aPublikacje fachowe | ||
| 388 | _a1901-2000 | ||
| 388 | _a1989-2000 | ||
| 490 | 1 | _aPrawo Żywnościowe Unii Europejskiej | |
| 500 | _aPubl. powstała w ramach projektu PL 9607-01-15/22/773. | ||
| 650 | 7 |
_aOwoce _2DBN |
|
| 650 | 7 | _aKonfitury i dżemy | |
| 650 | 7 | _aPrzetwory owocowo-warzywne | |
| 650 | 7 | _aTechnologia żywności | |
| 650 | 7 | _aHarmonizacja prawa | |
| 650 | 7 | _aPrawo Unii Europejskiej | |
| 650 | 7 | _aPrawo żywnościowe | |
| 651 | 7 | _aPolska | |
| 658 | _aRolnictwo i leśnictwo | ||
| 658 | _aPrawo i wymiar sprawiedliwości | ||
| 830 | 0 | _aPrawo Żywnościowe Unii Europejskiej | |
| 856 |
_uhttp://koha.tu.koszalin.pl/cgi-bin/koha/opac-detail.pl?biblionumber=42770 _yKatalog online BPK |
||
| 942 |
_2UKD _cKS |
||
| 999 |
_c42770 _d42770 |
||